[Event "YUG Cup"]
[Site "Herceg Novi"]
[Date "2001.09.08"]
[Round "6"]
[White "Perunovic, Milos"]
[Black "Markovic, Ivan"]
[Result "1/2-1/2"]
[WhiteElo "2477"]
[BlackElo "2504"]
[PlyCount "41"]
[EventDate "2001.09.03"]
[EventType "team-tourn"]
[EventRounds "7"]
[EventCountry "YUG"]
[SourceTitle "CBM 084 Extra"]
[Source "ChessBase"]
[SourceDate "2001.10.26"]
[SourceVersion "1"]
[SourceVersionDate "2001.10.26"]
[SourceQuality "1"]

1. e4 c5 2. Nf3 d6 3. d4 cxd4 4. Nxd4 Nf6 5. Nc3 g6 6. Be3 Nc6 7. f3 Bg7 8. Qd2 0-0 9. 0-0-0 Bd7 10. h4 h5 11. Nxc6 bxc6 12. Bh6 Qa5 13. Bc4 Be6 14. Bxe6 fxe6 15. Qg5 Qxg5+ 16. Bxg5 e5 17. Na4 Kf7 18. c4 Ke6 19. Be3 Rh8 20. Kc2 Bh6 21. Bf2 1/2-1/2

[Event "YUG Cup"]
[Site "Herceg Novi"]
[Date "2001.09.03"]
[Round "1"]
[White "Lazic, Miroljub"]
[Black "Markovic, Ivan"]
[Result "1/2-1/2"]
[WhiteElo "2477"]
[BlackElo "2504"]
[PlyCount "33"]
[EventDate "2001.09.03"]
[EventType "team-tourn"]
[EventRounds "7"]
[EventCountry "YUG"]
[SourceTitle "CBM 084 Extra"]
[Source "ChessBase"]
[SourceDate "2001.10.26"]
[SourceVersion "1"]
[SourceVersionDate "2001.10.26"]
[SourceQuality "1"]

1. e4 c5 2. Nf3 d6 3. d4 Nf6 4. Nc3 cxd4 5. Nxd4 Nc6 6. Bg5 Bd7 7. Qd2 Nxd4 8. Qxd4 Qa5 9. Bd2 e5 10. Qd3 Qb6 11. 0-0-0 Rc8 12. f3 h6 13. Kb1 a6 14. g4 Be6 15. Nd5 Nxd5 16. exd5 Bd7 17. c4 1/2-1/2

[Event "YUG-chT"]
[Site "Herceg Novi"]
[Date "2001.05.??"]
[Round "7"]
[White "Paunovic, Dragan"]
[Black "Markovic, Ivan"]
[Result "1/2-1/2"]
[WhiteElo "2467"]
[BlackElo "2482"]
[PlyCount "20"]
[EventDate "2001.05.??"]
[EventType "team-tourn"]
[EventRounds "11"]
[EventCountry "YUG"]
[SourceTitle "CBM 082 Extra"]
[Source "ChessBase"]
[SourceDate "2001.07.03"]
[SourceVersion "1"]
[SourceVersionDate "2001.07.03"]
[SourceQuality "1"]

1. Nf3 c5 2. c4 Nc6 3. g3 e5 4. Nc3 g6 5. Bg2 Bg7 6. 0-0 Nge7 7. Ne1 a6 8. Nc2 Rb8 9. a4 0-0 10. Ne3 d6 1/2-1/2

[Event "Bled op 21st"]
[Site "Bled"]
[Date "2000.04.02"]
[Round "9"]
[White "Fercec, Nenad"]
[Black "Markovic, Ivan"]
[Result "1-0"]
[WhiteElo "2464"]
[BlackElo "2462"]
[PlyCount "57"]
[EventDate "2000.03.25"]
[EventType "swiss"]
[EventRounds "9"]
[EventCountry "SLO"]
[SourceTitle "CBM 075 Extra"]
[Source "ChessBase"]
[SourceDate "2000.05.11"]
[SourceVersion "2"]
[SourceVersionDate "2000.05.11"]
[SourceQuality "1"]

1. e4 c5 2. Nf3 d6 3. d4 cxd4 4. Nxd4 Nf6 5. Nc3 g6 6. Be3 Bg7 7. f3 Nc6 8. Qd2 0-0 9. Bc4 Bd7 10. 0-0-0 Qa5 11. Kb1 Rfc8 12. Bb3 Ne5 13. h4 Nc4 14. Bxc4 Rxc4 15. Nb3 Qc7 16. Bd4 Be6 17. h5 a5 18. hxg6 hxg6 19. a4 b5 20. Nxb5 Qb8 21. Nc3 Rb4 22. Rh4 Bxb3 23. cxb3 Rxd4 24. Qxd4 Qxb3 25. e5 Rc8 26. exf6 Bxf6 27. Qxf6 exf6 28. Rdh1 f5 29. Rh8+ 1-0

[Event "Bled op 21st"]
[Site "Bled"]
[Date "2000.03.31"]
[Round "7"]
[White "Markovic, Ivan"]
[Black "Kutuzovic, Branko"]
[Result "1-0"]
[WhiteElo "2462"]
[BlackElo "2432"]
[PlyCount "77"]
[EventDate "2000.03.25"]
[EventType "swiss"]
[EventRounds "9"]
[EventCountry "SLO"]
[SourceTitle "CBM 075 Extra"]
[Source "ChessBase"]
[SourceDate "2000.05.11"]
[SourceVersion "2"]
[SourceVersionDate "2000.05.11"]
[SourceQuality "1"]

1. e4 c5 2. c3 Nf6 3. e5 Nd5 4. Nf3 e6 5. d4 cxd4 6. cxd4 b6 7. Bc4 Ba6 8. Bxd5 exd5 9. Nc3 Bb4 10. Qb3 Bxc3+ 11. bxc3 Bc4 12. Qc2 Qe7 13. Nd2 Ba6 14. Qa4 Qe6 15. Ba3 Bd3 16. 0-0-0 Nc6 17. Rhe1 Na5 18. Nb3 Nxb3+ 19. axb3 Bg6 20. Kb2 Qc6 21. Qa6 Qc8 22. Qxc8+ Rxc8 23. Bd6 a6 24. Ra1 a5 25. Re3 h5 26. Ra4 Bf5 27. c4 Be6 28. c5 bxc5 29. Bxc5 f6 30. Rxa5 Kf7 31. b4 Rb8 32. Ra7 f5 33. Bd6 Rb5 34. Rc3 f4 35. Ka3 Kg6 36. Ka4 Rb6 37. b5 Kf5 38. f3 g5 39. Ka5 1-0